| 000 | 01167nam a2200289 a 4500 | ||
|---|---|---|---|
| 001 | 1237 | ||
| 003 | BR-CuiBMT | ||
| 005 | 20231201200330.0 | ||
| 008 | 231201s2002 dfba 001 0 por d | ||
| 020 | _a9788570182753 | ||
| 040 |
_aBR-CuiBMT _cBR-CuiBMT |
||
| 041 | 1 |
_apor _heng |
|
| 080 |
_a94 _x(81).063 _22007 |
||
| 090 |
_a94(81).063 _bB562a |
||
| 100 | 1 | 0 | _aBethell, Leslie |
| 240 | 1 | 4 | _aThe abolition of the Brazilian slave trade : Britain, Brazil and the slave trade question : 1807-1869. |
| 245 | 1 | 2 |
_aA abolição do comércio brasileiro de escravos : _bGrã-Bretanha, o Brasil e a questão do comércio de escravos, 1807-1869 / _cLeslie Bethell ; tradução de Luís A. P. Souto Maior. |
| 260 |
_aBrasília : _bSenado Federal, _c2002. |
||
| 300 |
_a475 p. ; _c23 cm |
||
| 490 | 1 | _aColeção biblioteca básica brasileira ; | |
| 500 | _aSubtítulo retirado da capa e da falsa folha de rosto. | ||
| 504 | _aInclui bibliografia e índice. | ||
| 650 |
_aTráfico de escravos (1549-1850) _xAbolicionismo |
||
| 650 |
_aAbolicionismo _xHistória _xIndependência, 1822 _zBrasil _y(1630-1888) |
||
| 830 | 0 | _aBiblioteca Básica Brasileira | |
| 942 |
_2udc _cLV |
||
| 999 |
_c1237 _d1237 |
||